书目信息 |
| 题名: |
铁路安全知识问答
|
|
| 作者: | 代新年 主编 | |
| 分册: | ||
| 出版信息: | 北京 中国铁道出版社 2017.12 |
|
| 页数: | 338页 | |
| 开本: | 19cm | |
| 丛书名: | ||
| 单 册: | ||
| 中图分类: | U298 , U298-44 | |
| 科图分类: | ||
| 主题词: | 铁路运输--交通运输安全--基本知识 | |
| 电子资源: | ||
| ISBN: | 978-7-113-24087-5 | |
| 000 | 01037nam0 2200265 450 | |
| 001 | 5597 | |
| 005 | 20181016134841.88 | |
| 010 | @a978-7-113-24087-5@dCNY33.00 | |
| 100 | @a20180913d2017 em y0chiy50 ea | |
| 101 | 0 | @achi |
| 102 | @aCN@b110000 | |
| 105 | @ay z 000yy | |
| 200 | 1 | @a铁路安全知识问答@9tie lu an quan zhi shi wen da@f《铁路安全知识问答》编委会编 |
| 210 | @a北京@c中国铁道出版社@d2017.12 | |
| 215 | @a338页@d19cm | |
| 312 | @a封面英文题名:Railway safety question and answer knowledge | |
| 314 | @a主编:代新年 | |
| 330 | @a本书以问答的形式介绍铁路运输生产中常见安全知识,内容包括高铁安全、车务安全、机务安全、供电安全、车辆安全、工务安全、电务安全、事故救援和安全法规制度知识等9章。书后附有铁路行车安全管理的主要原则以及高速铁路知识常用词。 | |
| 510 | 1 | @aRailway safety question and answer knowledge@zeng |
| 606 | 0 | @a铁路运输@x交通运输安全@x基本知识 |
| 690 | @aU298@v5 | |
| 690 | @aU298-44@v4 | |
| 701 | 0 | @a代新年@9dai xin nian@4主编 |
| 801 | 0 | @aCN@b91MARC@c20180913 |
| 905 | @aMuseLib@dU298-44@e823 | |
| 铁路安全知识问答/《铁路安全知识问答》编委会编.-北京:中国铁道出版社,2017.12 |
| 338页;19cm |
| ISBN 978-7-113-24087-5:CNY33.00 |
| 本书以问答的形式介绍铁路运输生产中常见安全知识,内容包括高铁安全、车务安全、机务安全、供电安全、车辆安全、工务安全、电务安全、事故救援和安全法规制度知识等9章。书后附有铁路行车安全管理的主要原则以及高速铁路知识常用词。 |
| ● |
| 相关链接 |
|
|
|
|
正题名:铁路安全知识问答
索取号:U298-44/823
 
预约/预借
| 序号 | 登录号 | 条形码 | 馆藏地/架位号 | 状态 | 备注 |
| 1 | 1130490 | 211304907 | 第二样本阅览室/ [索取号:U298-44/823] | 在馆 | |
| 2 | 1130491 | 211304916 | 第三借阅区/ [索取号:U298-44/823] | 在馆 | |
| 3 | 1130492 | 211304925 | 第三借阅区/ [索取号:U298-44/823] | 在馆 | |
| 4 | 1130493 | 211304934 | 第三借阅区/ [索取号:U298-44/823] | 在馆 | |
| 5 | 1130494 | 211304943 | 密集书库-资源管理系/ [索取号:U298-44/823] | 在馆 |